Terraria NPCs - Statistics

General Stats
  • This quiz has been taken 1,106 times
  • The average score is 17 of 27
Answer Stats
NPC % Correct
NPC Guide
98%
NPC Merchant
92%
NPC Nurse
87%
NPC Arms Dealer
80%
NPC Goblin Tinkerer
78%
NPC Dryad
77%
NPC Mechanic
74%
NPC Cyborg
72%
NPC Demolitionist
71%
NPC Party Girl
69%
NPC Angler
67%
NPC Steampunker
66%
NPC Witch Doctor
66%
NPC Wizard
64%
NPC Clothier
63%
NPC Painter
63%
NPC Pirate
59%
NPC Dye Trader
58%
NPC Tax Collector
56%
NPC Stylist
55%
NPC Truffle
53%
NPC Tavernkeep
50%
NPC Santa Claus
47%
NPC Traveling Merchant
47%
NPC Skeleton Merchant
38%
NPC Old Man
37%
Bonus! Mc MoneyPants
5%
No matching quizzes found
Score Distribution
Percent of People with Each Score
Percentile by Number Answered
Your Score History
You have not taken this quiz